LIBRARY ONLINE CATALOGUE

Nuclear physics / (Record no. 7727)

MARC details
000 -LEADER
fixed length control field 00614nam a22002172 4500
001 - CONTROL NUMBER
control field 0000008794
005 - DATE AND TIME OF LATEST TRANSACTION
control field 20151217152041.0
008 - FIXED-LENGTH DATA ELEMENTS--GENERAL INFORMATION
fixed length control field 080604s xx 000 0 eng d
020 ## - INTERNATIONAL STANDARD BOOK NUMBER
International Standard Book Number 8121904137 :
Terms of availability KES 1205
040 ## - CATALOGING SOURCE
Original cataloging agency KABU
Transcribing agency KABU
100 1# - MAIN ENTRY--PERSONAL NAME
Personal name Ghoshal, S. N.
-- 0000159535
245 10 - TITLE STATEMENT
Title Nuclear physics /
Statement of responsibility, etc. S. N. Ghoshal.
250 ## - EDITION STATEMENT
Edition statement New ed.
260 ## - PUBLICATION, DISTRIBUTION, ETC. (IMPRINT)
Place of publication, distribution, etc. New Delhi :
Name of publisher, distributor, etc. S. Chand,
Date of publication, distribution, etc. 2007.
300 ## - PHYSICAL DESCRIPTION
Extent xvi, 1055 p.
650 #0 - SUBJECT ADDED ENTRY--TOPICAL TERM
Topical term or geographic name as entry element Nuclear phisics.
-- 0000159536
908 ## - PUT COMMAND PARAMETER (RLIN)
Put command parameter 080604
950 ## - LOCAL HOLDINGS (RLIN)
-- 1
Holdings
Withdrawn status Lost status Source of classification or shelving scheme Not for loan Home library Current library Date acquired Total Checkouts Total Renewals Full call number Barcode Date last seen Date last checked out Price effective from Koha item type
    Library of Congress Classification   Kabarak, Main Campus Kabarak, Main Campus 17/12/2015 3 1 QC776 .G46 c. 1 012148 26/02/2020 25/02/2020 17/12/2015 General Collection
    Library of Congress Classification   Kabarak, Main Campus Kabarak, Main Campus 17/12/2015     QC776 .G46 c. 2 012149 17/12/2015   17/12/2015 General Collection